000 00893cab a2200289 4500
001 WB3006-20
008 090401t1994 xxu||||| |||| 00| 0 eng d
035 _a(Sirsi) u67046
041 _aeng
245 _aDoE to abandon lease reform
260 _c1994
350 _a0
490 _aCSW - The Property Week
_v46(6) 10 February 1994, 6(1)
520 _aIt is believed that the DoE will abandon plans to legislate further on commercial lease reform preferring self-regulation by the property industry.
650 _aCOMMERCIAL LEASES
650 _aCONFIDENTIALITY CLAUSES
650 _aLEASES
650 _aPRIVITY OF CONTRACT
650 _aPROPERTY MARKET REFORM GROUP
650 _aREFORM
650 _aRICS
650 _aSELF-REGULATION
650 _aUPWARD ONLY RENT REVIEWS
690 _aLANDLORD AND TENANT-BUSINESS TENANCIES
942 _n0
948 _c04/03/1997
999 _c41930
_d41930